BRAND MARKETING BUILDING WINNING BRAND S (Record no. 1100)

MARC details
000 -LEADER
fixed length control field 00355nam a2200133Ia 4500
008 - FIXED-LENGTH DATA ELEMENTS--GENERAL INFORMATION
fixed length control field 240624s9999 xx 000 0 und d
041 ## - LANGUAGE CODE
Language code of text/sound track or separate title eng
082 ## - DEWEY DECIMAL CLASSIFICATION NUMBER
Classification number 658.827 WEI
100 ## - MAIN ENTRY--PERSONAL NAME
Personal name WEILBACHER WILLIAM M
245 ## - TITLE STATEMENT
Title BRAND MARKETING BUILDING WINNING BRAND S
260 ## - PUBLICATION, DISTRIBUTION, ETC.
Date of publication, distribution, etc. 1993
Place of publication, distribution, etc. USA
Name of publisher, distributor, etc. NTC Business Books
300 ## - PHYSICAL DESCRIPTION
Extent xv, : 210 : p. : cm. ; 25
365 ## - TRADE PRICE
Currency code RS
Holdings
Withdrawn status Lost status Damaged status Not for loan Home library Current library Shelving location Date acquired Source of acquisition Cost, normal purchase price Full call number Barcode Date last seen Copy number Price effective from Koha item type
        IMTN IMTN Rack 37-A 11/04/2004 JBD 1953.56 658.827 WEI 1100 06/24/2024 1 06/24/2024 Books
Designed & Maintained by: LRC IMT Nagpur Contact: lrc@imtnag.ac.in© 2024. All Rights Reserved.